000 00496nam a2200181Ia 4500
008 240925s9999 xx 000 0 und d
020 _a9789384007034
082 _a621.395 RAM
100 _aS. Ramamurthy
245 0 _aLow-Power Digital VLSI Design: Circuit and System
250 _a1st
260 _aNew Delhi:
_bScientific International
_c,2014.
300 _a849p.
_bNA
_fOriginal
500 _aIncludes Index
600 _aElectronic Engineering
650 _aTechnology
942 _cBK
999 _c12477
_d12477